000 00351 a2200145 4500
005 20250630055614.0
020 _a9780073049021
082 _a658.8 GRE
100 _aGREWAL,D.
245 _aMarketing
260 _aNew York.
_bMc Graw Hill,
_c2008.
300 _axxxiii,720p.:ill.; picture,tables
_bIndex
_c25cm.
700 _aLEVY,M.
942 _2ddc
_cBKS
999 _c6229
_d6229